000 00438nam a22001337a 4500
020 _a0-471-09463-3
082 _a621.38173 BAR'V
100 _aBARNA, ARPAD
_975990
245 _aVHSIC TECHNOLOGIES AND TRADE OFFS VERY HIGH SPEED INTEGRATED CIRCUITS
260 _aNEWYORK
_bJOHN WILEY
_c1981
300 _a114P
650 _aDIGITAL INTEGRATED CIRCUITS BIPOLAR TRANSISTORS METAL OXIDE SEMICONDUCTORS GALLIUM ARSENIDE
_975991
942 _cBK
999 _c581394
_d581394